Регионална библиотека "Любен Каравелов" - Русе

Портрет (Запис номер 424377)

MARC детайли
000 -Лидер
Контролно поле с фиксирана дължина nam a22 a 4500
003 - Код на организацията, давaща контролен номер
Контролно поле BLK
005 - Дата и час на последна редакция
Контролно поле 20210720103508.0
008 - Елементи от данни с фиксирана дължина
fixed length control field 200311b bul|||||r ||||||| ||bul||
040 ## - Източник на каталожния запис
Идентификатор на билиотеката - собственик на записа BLK
041 ## - Код за език
Код за езика на текст/звукозапис или на отделно заглавие Български
Код за езика КДБФ Български
080 ## - УДК
Текстов определител УДК Руска литература
УДК код - определител по УДК 821.161.1
УДК - код + определител 821.161.1-32
УДК определител -32
100 1# - Редна дума - Автор
Автор Гогол, Николай Василиевич
Авторска отговорност първи автор
R(LIN) 54566
139 ## - Редно поле
Редна дума Гогол, Николай Василиевич
245 10 - Сведения за заглавието
Заглавие Портрет
Подзаглавни данни Повест
Редно поле (дума) Николай Василиевич Гогол; прев. от рус. В. И. Кирчев
257 ## - Страна на издаване
Страна на създаване/издаване България
260 ## - Област на издателските данни
Място на издаване, разпространение и проч. Станимака
Име на издателя, разпространителя и проч. книж. А. Кишкилов
Година на издаване 1896
9 (RLIN) 460194
300 ## - Физическа характеристика
Страници 84 с.
Размери/Мащаб 20 см
380 ## - Жанр
Жанр Худож. лит.
490 ## - СЕРИИ (Колекции)
9 (RLIN) 435080
Име на серия Колекция Редки и ценни издания
700 ## - Други автори (авторска отговорност)
Лично име Кирчев, В. И.
Автороска отговорност (Описва отношението между автора и произведението) прев. от рус.
9 (RLIN) 1121
852 ## - Местоположение
Форматна сигнатура Рб 896
Фондова буква Редки и ценни
999 ## - СИСТЕМНИ КОНТРОЛНИ НОМЕРА
Koha biblionumber 424377
Koha biblioitemnumber 424377
942 ## - АРТИКУЛИ
Вид на библиотечния материал Книги
Скрит в OPAC Не
Периодичен библиозапис Да
944 ## - СЪЗДАВАНЕ И РЕДАКЦИЯ на ЗАПИСА
Създаване/Редакция Създаване
Дата на регистрацията/редакция 2021-07-20
Служител, извършил регистрацията/редакцията ВК
Наличности
Код за отписване Код за изгубен артикул Източник на класификационната схема Код за повреда Коз за рестрикции Код за отдаване Артикулен № Име на библиотеката - собственик Име на библиотеката, в която се намира в момента Статус (Текущо местоположение) Дата на вписване в системата Местоположение - отдел Цена в лева Инвентарен номер Систематично азбучна сигнатура Баркод Цена в евро Служебен тип на артикула
  Не е изгубен Universal Decimal Classification Не е повреден само за читалня Специални фондове ( старопечатни, редки и ценни, фонд М. Арнаудов) 853995 Регионална библиотека "Любен Каравелов" Русе Регионална библиотека "Любен Каравелов" Русе Редки и ценни 2021-09-21 Редки и ценни 0.06 3088 Рб 896 900000070525 0.03 Книги
Vip Innovations Ltd, Rousse, Bulgaria 2025